000 00285nam a22001337a 4500
008 170911b xxu||||| |||| 00| 0 eng d
020 _a9780133686227
041 _aeng
080 _a52
100 _a42
101 _aAST
245 _aASTRONOMY TODAY
_cCHAISSON,E
942 _2udc
_cBK
999 _c27088
_d27088